| 000 | 00474cam a2200145 4500500 | ||
|---|---|---|---|
| 005 | 20251228055333.0 | ||
| 041 | _afre | ||
| 042 | _adc | ||
| 100 | 1 | 0 |
_aLenoir, Daniel _eauthor |
| 245 | 0 | 0 | _aLa branche famille et les jeunes : vers une redéfinition de la doctrine |
| 260 | _c2015. | ||
| 500 | _a15 | ||
| 786 | 0 | _nRegards | 48 | 2 | 2015-11-02 | p. 111-117 | 0988-6982 | |
| 856 | 4 | 1 | _uhttps://shs.cairn.info/revue-regards-2015-2-page-111?lang=fr&redirect-ssocas=7080 |
| 999 |
_c1586435 _d1586435 |
||